000 00293nam a22001217a 4500
020 _a9781847095623
082 _222
_a005
100 _aBuchnes, Alex.
245 _aMoodle administration /
260 _aUk,
_bPackt Publishing,
_cc2008.
300 _aix, 357p. ;
_bill. ;
_c23 cm.
942 _2ddc
_cIT
999 _c1914
_d1914